[Event "IND-ch Rapid"]
[Site "Nashik"]
[Date "2022.04.27"]
[Round "2"]
[White "Imran, MD."]
[Black "Gopal, Geetha Narayanan"]
[Result "0-1"]
[WhiteElo "2122"]
[BlackElo "2593"]
[PlyCount "166"]
[EventDate "2022.04.27"]
[EventType "swiss (rapid)"]
[EventRounds "9"]
[EventCountry "IND"]
[SourceTitle "CBM 208 Extra"]
[Source "ChessBase"]
[SourceDate "2022.07.31"]
[SourceVersion "1"]
[SourceVersionDate "2022.07.31"]
[SourceQuality "1"]

1. d4 Nf6 2. Nf3 g6 3. Bg5 Bg7 4. Nbd2 c5 5. c3 cxd4 6. cxd4 Nc6 7. e3 0-0 8. Bd3 d5 9. 0-0 Qb6 10. Qb3 Bf5 11. Bxf5 gxf5 12. Bxf6 Qxb3 13. Nxb3 Bxf6 14. Rac1 Rfc8 15. Nc5 b6 16. Na6 e6 17. Rc2 Ne7 18. Rfc1 Rxc2 19. Rxc2 f4 20. g4 fxe3 21. fxe3 Rc8 22. Rc7 Rxc7 23. Nxc7 Nc6 24. Kf1 Kf8 25. Ke2 Ke7 26. Na6 Kd6 27. b4 b5 28. g5 Bg7 29. a3 h6 30. h4 hxg5 31. hxg5 e5 32. Nh4 Ne7 33. Kd3 exd4 34. exd4 f6 35. gxf6 Bxf6 36. Nf3 Nc8 37. Nc5 Nb6 38. Kc3 Nc4 39. Kb3 Ne3 40. a4 Nf5 41. axb5 Bxd4 42. Nd3 Bb6 43. Nfe5 Nd4+ 44. Ka4 Ne2 45. Kb3 Nd4+ 46. Ka4 Ke6 47. Nc6 Kf5 48. Ne7+ Ke6 49. Nc6 Kf5 50. Ne7+ Ke4 51. Nc5+ Ke5 52. Nd3+ Kd6 53. Ng6 Ne2 54. Kb3 Nd4+ 55. Ka4 Nf5 56. Kb3 Bd4 57. Ngf4 Ng3 58. Ka4 Ne4 59. Ka5 Bb6+ 60. Ka6 Nd2 61. Nc5 d4 62. Ncd3 Nc4 63. Kb7 Ne5 64. Nc5 Nd7 65. Ncd3 Nf6 66. Ka6 Nd5 67. Ne2 Nc7+ 68. Kb7 Nxb5 69. Nef4 Nc3 70. Nc5 Nd5 71. Nfd3 Nxb4 72. Ne4+ Kd5 73. Nf6+ Kc4 74. Ne5+ Kb3 75. Nfd7 Nd5 76. Kc6 Ne7+ 77. Kb5 Kc3 78. Nxb6 axb6 79. Kxb6 Ng6 80. Nf3 d3 81. Kc5 Ne5 82. Ng5 Nd7+ 83. Kd5 Nf6+ 0-1

[Event "PRO League Stage"]
[Site "Chess.com INT"]
[Date "2020.01.20"]
[Round "3"]
[White "Banusz, Tamas"]
[Black "Gopal, Geetha Narayanan"]
[Result "1/2-1/2"]
[WhiteElo "2620"]
[BlackElo "2593"]
[PlyCount "144"]
[EventDate "2020.01.06"]
[EventType "team-swiss (rapid)"]
[EventRounds "7"]
[EventCountry "USA"]
[SourceTitle "CBM 194 Extra"]
[Source "ChessBase"]
[SourceDate "2020.03.31"]
[SourceVersion "1"]
[SourceVersionDate "2020.03.31"]
[SourceQuality "1"]
[WhiteTeam "Hungary Hunters"]
[BlackTeam "India Yogis"]
[WhiteTeamCountry "HUN"]
[BlackTeamCountry "IND"]

1. Nf3 c5 2. c4 Nf6 3. Nc3 Nc6 4. g3 d5 5. d4 e6 6. cxd5 Nxd5 7. Bg2 cxd4 8. Nxd4 Nxc3 9. bxc3 Nxd4 10. Qxd4 Qxd4 11. cxd4 Bd6 12. a4 Rb8 13. a5 a6 14. Be3 Bd7 15. d5 e5 16. 0-0 Ke7 17. Rfb1 Bb5 18. Bh3 h5 19. Rb2 h4 20. Bf5 hxg3 21. hxg3 g6 22. Bd3 Bxd3 23. exd3 Rhd8 24. Rab1 Rd7 25. Ba7 Ra8 26. Bb6 Rc8 27. Kg2 Bc5 28. Re1 Bxb6 29. Rxb6 Rxd5 30. Rxb7+ Kf8 31. d4 exd4 32. Ree7 Rf5 33. f4 Re8 34. Red7 d3 35. Rxd3 Rxa5 36. Rdd7 Rf5 37. Ra7 a5 38. Kf3 Rb8 39. Rd3 Kg7 40. Ra3 Rbb5 41. Rd3 Rfd5 42. Re3 Rd6 43. g4 Rf6 44. f5 gxf5 45. g5 Rc6 46. Ree7 Kg6 47. Rxf7 Rc3+ 48. Ke2 Rb2+ 49. Kd1 Kxg5 50. Rxa5 Rf3 51. Rg7+ Kf4 52. Ra4+ Ke5 53. Kc1 Rh2 54. Rd7 Rh1+ 55. Rd1 Rxd1+ 56. Kxd1 Re3 57. Kd2 Re4 58. Rxe4+ Kxe4 59. Ke2 Kf4 60. Kf2 Kg4 61. Kg2 Kf4 62. Kf2 Ke4 63. Ke2 Kd4 64. Kf3 Ke5 65. Ke3 f4+ 66. Kf3 Kf5 67. Kf2 Ke4 68. Ke2 f3+ 69. Kf2 Kf4 70. Kf1 Ke3 71. Ke1 f2+ 72. Kf1 Kf3 1/2-1/2

[Event "Riga Tech op-A"]
[Site "Riga"]
[Date "2019.08.09"]
[Round "7"]
[White "Sulskis, Sarunas"]
[Black "Gopal, Geetha Narayanan"]
[Result "1/2-1/2"]
[WhiteElo "2519"]
[BlackElo "2594"]
[PlyCount "42"]
[EventDate "2019.08.05"]
[EventType "swiss"]
[EventRounds "9"]
[EventCountry "LAT"]
[SourceTitle "CBM 191 Extra"]
[Source "ChessBase"]
[SourceDate "2019.09.30"]
[SourceVersion "1"]
[SourceVersionDate "2019.09.30"]
[SourceQuality "1"]

1. e4 c5 2. Nf3 d6 3. Bb5+ Nd7 4. 0-0 a6 5. Bd3 Ngf6 6. c3 b5 7. a4 Bb7 8. axb5 axb5 9. Rxa8 Qxa8 10. Bxb5 Bxe4 11. Na3 g6 12. d4 cxd4 13. Qxd4 Bxf3 14. gxf3 Qxf3 15. Re1 e5 16. Nc4 Kd8 17. Qa7 Qg4+ 18. Kf1 Qh3+ 19. Kg1 Qg4+ 20. Kf1 Qh3+ 21. Kg1 Qg4+ 1/2-1/2

[Event "Riga Tech op-A"]
[Site "Riga"]
[Date "2019.08.06"]
[Round "2"]
[White "Gopal, Geetha Narayanan"]
[Black "Saveliev, Alexei"]
[Result "1-0"]
[WhiteElo "2594"]
[BlackElo "2355"]
[PlyCount "95"]
[EventDate "2019.08.05"]
[EventType "swiss"]
[EventRounds "9"]
[EventCountry "LAT"]
[SourceTitle "CBM 191 Extra"]
[Source "ChessBase"]
[SourceDate "2019.09.30"]
[SourceVersion "1"]
[SourceVersionDate "2019.09.30"]
[SourceQuality "1"]

1. e4 e6 2. d4 d5 3. Nd2 dxe4 4. Nxe4 Nd7 5. Nf3 Ngf6 6. Nxf6+ Nxf6 7. Be3 Bd6 8. Bd3 b6 9. Qe2 Bb7 10. Bg5 h6 11. Bh4 Qe7 12. 0-0-0 0-0-0 13. Ba6 g5 14. Bg3 Nd5 15. Ne5 Bxe5 16. Bxe5 f6 17. Bg3 Qd7 18. Rhe1 Rhe8 19. Bc4 Kb8 20. f3 a5 21. a3 f5 22. Be5 f4 23. Bxd5 exd5 24. h4 Ka7 25. Qd2 Ba6 26. hxg5 hxg5 27. Rh1 c5 28. Rh5 Qf5 29. g4 fxg3 30. Rxg5 Qxf3 31. Rxg3 Qf5 32. Rg5 Qc8 33. dxc5 Qxc5 34. Bd4 Qc6 35. Qxa5 Rd7 36. Qc3 Qh6 37. Rdg1 Rde7 38. Kb1 Re1+ 39. Ka2 Rxg1 40. Rxg1 Qd6 41. Kb1 Re7 42. a4 Kb7 43. b3 Rc7 44. Qd2 b5 45. axb5 Bxb5 46. Kb2 Bd7 47. Qa5 Bf5 48. Qb5+ 1-0

[Event "Biel MTO op 52nd"]
[Site "Biel"]
[Date "2019.07.31"]
[Round "9"]
[White "Aryan, Chopra"]
[Black "Gopal, Geetha Narayanan"]
[Result "1/2-1/2"]
[WhiteElo "2553"]
[BlackElo "2594"]
[PlyCount "87"]
[EventDate "2019.07.22"]
[EventType "swiss"]
[EventRounds "9"]
[EventCountry "SUI"]
[SourceTitle "CBM 191 Extra"]
[Source "ChessBase"]
[SourceDate "2019.09.30"]
[SourceVersion "1"]
[SourceVersionDate "2019.09.30"]
[SourceQuality "1"]

1. e4 c5 2. Nf3 d6 3. d4 cxd4 4. Nxd4 Nf6 5. Nc3 a6 6. Nb3 Nbd7 7. a4 b6 8. g4 Bb7 9. Bg2 h6 10. h4 g6 11. Qe2 Rc8 12. Rh3 Bg7 13. h5 g5 14. Nd4 Ne5 15. Nf5 Bf8 16. f4 gxf4 17. Bxf4 e6 18. 0-0-0 Qc7 19. Nxh6 Rxh6 20. g5 Rxh5 21. Bxe5 dxe5 22. Rxh5 Nxh5 23. Qxh5 b5 24. g6 b4 25. gxf7+ Qxf7 26. Qxf7+ Kxf7 27. Rd7+ Kf6 28. Rxb7 bxc3 29. Rb6 Bc5 30. Rxe6+ Kxe6 31. Bh3+ Kd6 32. Bxc8 cxb2+ 33. Kxb2 a5 34. Kb3 Kc6 35. Kc4 Bf2 36. Ba6 Be3 37. Bb5+ Kd6 38. Be8 Kc7 39. Kd5 Bd4 40. c4 Bc3 41. c5 Bd4 42. Kc4 Be3 43. Kb5 Bd2 44. c6 1/2-1/2